[Event "CAN-ch University"]
[Site "Toronto"]
[Date "2015.01.10"]
[Round "3"]
[White "Gusev, Nikita"]
[Black "Qin, Zi Yi"]
[Result "0-1"]
[WhiteElo "2377"]
[BlackElo "2431"]
[PlyCount "144"]
[EventDate "2015.01.09"]
[EventType "team"]
[EventRounds "5"]
[EventCountry "CAN"]
[SourceTitle "EXT 2019"]
[Source "ChessBase"]
[SourceDate "2018.10.10"]
[SourceVersion "1"]
[SourceVersionDate "2018.10.10"]
[SourceQuality "1"]

1. e4 c5 2. Nf3 d6 3. d4 cxd4 4. Nxd4 Nf6 5. Nc3 a6 6. Be2 e5 7. Nb3 Be7 8. 0-0 0-0 9. a4 Be6 10. Be3 Nbd7 11. f3 Nb6 12. a5 Nc4 13. Bc1 Rc8 14. Nd5 Nxd5 15. exd5 Bd7 16. c3 Bg5 17. f4 exf4 18. Bxc4 Rxc4 19. Nd2 Rc7 20. Ne4 Bb5 21. Nxg5 Qxg5 22. Bxf4 Qf6 23. Rf2 Re8 24. Qd2 Rc4 25. Bg3 Qe7 26. b3 Re4 27. c4 Bd7 28. Raf1 Bg4 29. Qb4 Be2 30. Bxd6 Qg5 31. Ra1 Bd3 32. Bg3 Qxd5 33. Rd1 Bxc4 34. Rfd2 Qb5 35. Qxb5 Bxb5 36. Rd8 h5 37. Rxe8+ Rxe8 38. Rd5 g6 39. Bh4 Re6 40. Rd2 Kg7 41. Bf2 f6 42. Bd4 g5 43. Kf2 Kg6 44. b4 Re4 45. Bc5 Bc6 46. g3 Rc4 47. Re2 Kf5 48. h3 Rc1 49. Re1 Rc4 50. Re2 Be4 51. Re1 h4 52. g4+ Ke5 53. Re2 Rc3 54. Re3 Rc2+ 55. Re2 Rxe2+ 56. Kxe2 Bg2 57. Ke3 Bxh3 58. Bd4+ Ke6 59. Kf3 Bf1 60. Be3 Bb5 61. Bd2 Bc6+ 62. Kf2 Kf7 63. Bc3 Kg6 64. Bd4 f5 65. gxf5+ Kxf5 66. Kg1 g4 67. Kh2 Kg5 68. Be3+ Kh5 69. Bc5 g3+ 70. Kh3 Bd7+ 71. Kg2 Kg4 72. Bd6 h3+ 0-1

[Event "CAN-ch playoff"]
[Site "Montreal"]
[Date "2012.08.11"]
[Round "1"]
[White "Gusev, Nikita"]
[Black "Wang, Richard"]
[Result "0-1"]
[WhiteElo "2117"]
[BlackElo "2338"]
[PlyCount "68"]
[EventDate "2012.08.11"]
[EventType "match (rapid)"]
[EventRounds "2"]
[EventCountry "CAN"]
[SourceTitle "CBM 149 Extra"]
[Source "ChessBase"]
[SourceDate "2012.08.24"]
[SourceVersion "1"]
[SourceVersionDate "2012.08.24"]
[SourceQuality "1"]

1. e4 c5 2. Nf3 g6 3. d4 cxd4 4. Nxd4 Nc6 5. c4 Bg7 6. Be3 Nf6 7. Nc3 0-0 8. Be2 d6 9. f3 Nxd4 10. Bxd4 Be6 11. 0-0 Rc8 12. b3 Qa5 13. Qd3 a6 14. Rfd1 Nd7 15. Bxg7 Kxg7 16. Nd5 Bxd5 17. exd5 Rfe8 18. f4 Qc5+ 19. Kh1 Nf6 20. a3 a5 21. Rdb1 e5 22. dxe6 Rxe6 23. Bf3 b6 24. Qd2 Rce8 25. h3 Re3 26. b4 axb4 27. axb4 Qf5 28. Bc6 R8e6 29. Rf1 Rd3 30. Qb2 Ree3 31. Rae1 Rxe1 32. Rxe1 Qxf4 33. Qa1 Qxc4 34. Rf1 Qc3 0-1

[Event "CAN-ch"]
[Site "Montreal"]
[Date "2012.08.10"]
[Round "8"]
[White "Gusev, Nikita"]
[Black "Song, Michael"]
[Result "1-0"]
[WhiteElo "2117"]
[BlackElo "2154"]
[PlyCount "77"]
[EventDate "2012.08.04"]
[EventType "swiss"]
[EventRounds "9"]
[EventCountry "CAN"]
[SourceTitle "EXT 2022"]
[Source "ChessBase"]
[SourceDate "2021.10.06"]
[SourceVersion "1"]
[SourceVersionDate "2021.10.06"]
[SourceQuality "1"]

1. e4 e5 2. Nf3 Nc6 3. Bb5 a6 4. Ba4 Nf6 5. d3 b5 6. Bb3 Bc5 7. 0-0 d6 8. h3 Na5 9. Be3 Nxb3 10. axb3 Bxe3 11. fxe3 h6 12. Nh4 0-0 13. Qf3 Kh7 14. Nc3 b4 15. Ne2 Ng8 16. Qf2 Ne7 17. g4 Be6 18. Kh2 g6 19. Qf6 Ng8 20. Qxd8 Rfxd8 21. Ra4 Rdb8 22. Nf3 f6 23. Rfa1 Bc8 24. Nd2 Kg7 25. d4 Ne7 26. Nc1 exd4 27. exd4 c5 28. dxc5 dxc5 29. Ra5 Bb7 30. Rxc5 Rc8 31. Nd3 Nc6 32. Nc4 Nd4 33. Nb6 Rxc5 34. Nxc5 Rb8 35. Nbd7 Rd8 36. Rd1 Rxd7 37. Nxd7 Nxc2 38. Rc1 Bxe4 39. Nc5 1-0

[Event "Toronto Hart House Reading Week op"]
[Site "Toronto"]
[Date "2012.02.18"]
[Round "2"]
[White "Itkin, David"]
[Black "Gusev, Nikita"]
[Result "1/2-1/2"]
[WhiteElo "2129"]
[BlackElo "2268"]
[PlyCount "72"]
[EventDate "2012.02.18"]
[EventType "swiss"]
[EventRounds "6"]
[EventCountry "CAN"]
[SourceTitle "EXT 2022"]
[Source "ChessBase"]
[SourceDate "2021.10.06"]
[SourceVersion "1"]
[SourceVersionDate "2021.10.06"]
[SourceQuality "1"]

1. e4 c5 2. Nf3 e6 3. d4 cxd4 4. Nxd4 a6 5. Nc3 Qc7 6. g3 Bb4 7. Bd2 Nc6 8. Nb3 Nf6 9. Bg2 Be7 10. 0-0 d6 11. a4 b6 12. Kh1 Rb8 13. f4 h5 14. h3 Nd7 15. Be3 Na5 16. Bd4 Kf8 17. Qf3 Nc4 18. Ne2 Bf6 19. Bxf6 gxf6 20. Qc3 Bb7 21. Nbd4 Rc8 22. f5 e5 23. Ne6+ fxe6 24. fxe6 Ke7 25. exd7 Qxd7 26. b3 Na5 27. Qf3 f5 28. Qe3 Rhf8 29. Qg5+ Ke8 30. Qxh5+ Kd8 31. Rad1 Rxc2 32. Qh6 Ke7 33. Qg5+ Ke8 34. Qg6+ Ke7 35. Qg5+ Ke8 36. Qg6+ Ke7 1/2-1/2

[Event "Guelph Winter Pro-Am"]
[Site "Guelph"]
[Date "2012.02.11"]
[Round "2"]
[White "Gusev, Nikita"]
[Black "Sapozhnikov, Roman"]
[Result "0-1"]
[WhiteElo "2270"]
[BlackElo "2514"]
[PlyCount "66"]
[EventDate "2012.02.10"]
[EventType "swiss"]
[EventRounds "5"]
[EventCountry "CAN"]
[SourceTitle "EXT 2022"]
[Source "ChessBase"]
[SourceDate "2021.10.06"]
[SourceVersion "1"]
[SourceVersionDate "2021.10.06"]
[SourceQuality "1"]

1. e4 c5 2. Nf3 d6 3. d4 cxd4 4. Nxd4 Nf6 5. Nc3 a6 6. Be2 e6 7. 0-0 Be7 8. f4 Qc7 9. a4 Nc6 10. Be3 0-0 11. Kh1 Re8 12. Qe1 Bf8 13. Qg3 Kh8 14. Rad1 Bd7 15. Nb3 Nb4 16. a5 Bc6 17. Bf3 d5 18. e5 Ne4 19. Bxe4 dxe4 20. Bb6 Qc8 21. Nd4 Bd5 22. f5 Bc4 23. fxe6 Bxf1 24. exf7 Bxg2+ 25. Kxg2 Re7 26. Nxe4 Rxe5 27. Re1 Nxc2 28. Rc1 Rxe4 29. Rxc2 Qd7 30. Rc7 Qd5 31. Qf3 Rxd4 32. Bxd4 Qxd4 33. Rxb7 Rc8 0-1

[Event "Wch U16"]
[Site "Caldas Novas"]
[Date "2011.11.19"]
[Round "2"]
[White "Ynojosa Aponte, Felix Jose"]
[Black "Gusev, Nikita"]
[Result "1-0"]
[WhiteElo "2307"]
[BlackElo "2134"]
[PlyCount "77"]
[EventDate "2011.11.18"]
[EventType "swiss"]
[EventRounds "9"]
[EventCountry "BRA"]
[SourceTitle "EXT 2013"]
[Source "ChessBase"]
[SourceDate "2012.11.22"]
[SourceVersion "1"]
[SourceVersionDate "2012.11.22"]
[SourceQuality "1"]

1. e4 c5 2. c3 Nf6 3. e5 Nd5 4. d4 cxd4 5. cxd4 e6 6. Nc3 Nc6 7. Nxd5 exd5 8. Nf3 d6 9. Be2 Be7 10. 0-0 0-0 11. Qb3 dxe5 12. dxe5 Rb8 13. Rd1 Be6 14. Qa4 a6 15. Bf4 b5 16. Qc2 Rc8 17. Qd2 Qb6 18. Bg5 Bc5 19. Bh4 Rfe8 20. Qf4 Ne7 21. Bd3 Ng6 22. Bxg6 fxg6 23. b4 Bf8 24. a3 Rc4 25. Rd4 Kh8 26. Rxc4 g5 27. Qd4 Qxd4 28. Rxd4 gxh4 29. Nxh4 g5 30. Nf3 Kg7 31. h3 Rc8 32. Rad1 Rc7 33. R4d3 Bf7 34. Nd4 Bg6 35. Re3 Rc4 36. g4 h5 37. gxh5 Bxh5 38. Nf5+ Kg8 39. Ne7+ 1-0

[Event "Toronto Thanksgiving op"]
[Site "Toronto"]
[Date "2011.10.09"]
[Round "5"]
[White "Gusev, Nikita"]
[Black "Semianiuk, Konstantin"]
[Result "1-0"]
[WhiteElo "2230"]
[BlackElo "2204"]
[PlyCount "81"]
[EventDate "2011.10.08"]
[EventType "swiss"]
[EventRounds "6"]
[EventCountry "CAN"]
[SourceTitle "EXT 2022"]
[Source "ChessBase"]
[SourceDate "2021.10.06"]
[SourceVersion "1"]
[SourceVersionDate "2021.10.06"]
[SourceQuality "1"]

1. e4 c5 2. Nf3 Nc6 3. Bb5 g6 4. Bxc6 dxc6 5. 0-0 Bg7 6. h3 Nh6 7. d3 f6 8. Be3 b6 9. Nbd2 e5 10. a4 a5 11. Nc4 Nf7 12. b4 axb4 13. a5 bxa5 14. Bxc5 Ra6 15. Nfd2 Bf8 16. Rxa5 Bxc5 17. Rxc5 Nd6 18. Nxd6+ Qxd6 19. Nb3 Be6 20. Qb1 0-0 21. d4 exd4 22. Rd1 Ra3 23. Rxd4 Qe7 24. Rxc6 Rfa8 25. Qd1 Bxb3 26. cxb3 Qe5 27. Rc1 Qf4 28. g3 Qb8 29. Rd7 R3a7 30. Qd5+ Kh8 31. Rd6 Qf8 32. Rcc6 Rf7 33. Qd4 Kg7 34. Qxb4 Ra1+ 35. Kg2 h5 36. Qd4 Ra5 37. b4 Rb5 38. e5 fxe5 39. Rxg6+ Kh7 40. Rh6+ Qxh6 41. Qd3+ 1-0

[Event "CAN-ch U16"]
[Site "Richmond Hill"]
[Date "2011.07.06"]
[Round "2"]
[White "Ivanov, Mike"]
[Black "Gusev, Nikita"]
[Result "0-1"]
[WhiteElo "2100"]
[BlackElo "2223"]
[PlyCount "62"]
[EventDate "2011.07.06"]
[EventType "swiss"]
[EventRounds "7"]
[EventCountry "CAN"]
[SourceTitle "EXT 2022"]
[Source "ChessBase"]
[SourceDate "2021.10.06"]
[SourceVersion "1"]
[SourceVersionDate "2021.10.06"]
[SourceQuality "1"]

1. Nf3 Nf6 2. b3 b6 3. Bb2 Bb7 4. e3 e6 5. d4 Be7 6. Bd3 c5 7. Nbd2 cxd4 8. exd4 0-0 9. 0-0 Nc6 10. Re1 Nb4 11. Bf1 Rc8 12. c4 d5 13. a3 Nc6 14. Rc1 dxc4 15. bxc4 Qd6 16. Bd3 Rfd8 17. Bb1 Qf4 18. Qc2 Qh6 19. Rcd1 Bd6 20. Ne5 Ne7 21. Ndf3 Ng6 22. g3 Qh3 23. Qe2 Bxe5 24. dxe5 Rxd1 25. Rxd1 Nf4 26. gxf4 Bxf3 27. Qxf3 Qxf3 28. Rd3 Qg4+ 29. Kf1 Nh5 30. h3 Qxf4 31. Ke2 Qxc4 0-1

[Event "North American-ch U16"]
[Site "Montreal"]
[Date "2010.08.18"]
[Round "5"]
[White "Fisher, William"]
[Black "Gusev, Nikita"]
[Result "1/2-1/2"]
[WhiteElo "2165"]
[BlackElo "2254"]
[PlyCount "113"]
[EventDate "2010.08.16"]
[EventType "swiss"]
[EventRounds "7"]
[EventCountry "CAN"]
[SourceTitle "EXT 2013"]
[Source "ChessBase"]
[SourceDate "2012.11.22"]
[SourceVersion "1"]
[SourceVersionDate "2012.11.22"]
[SourceQuality "1"]

1. e4 c5 2. Nf3 e6 3. d4 cxd4 4. Nxd4 Nc6 5. Nc3 d6 6. Be3 Nf6 7. f3 Be7 8. g4 Nd7 9. Nxc6 bxc6 10. Qd4 0-0 11. 0-0-0 d5 12. Qa4 Qc7 13. exd5 exd5 14. Bf4 Qb6 15. Bd3 Nc5 16. Qd4 Ne6 17. Qxb6 axb6 18. Be5 f6 19. Bg3 d4 20. Nb1 b5 21. a3 Bd7 22. Rhe1 g6 23. h4 Rfe8 24. h5 Kg7 25. hxg6 hxg6 26. Rh1 c5 27. Rde1 Ra6 28. Nd2 c4 29. Be4 c3 30. Nb3 cxb2+ 31. Kxb2 Bxa3+ 32. Kb1 Nc5 33. Nxc5 Bxc5 34. Bb7 Ra7 35. Rxe8 Bxe8 36. Bd5 Bb4 37. Be1 Bd6 38. Bd2 g5 39. Be4 Bg6 40. Bxg6 Kxg6 41. Rf1 f5 42. Kb2 Ra4 43. Rg1 Be7 44. Rb1 Ba3+ 45. Kb3 Bd6 46. Kb2 Bf4 47. Kc1 Be3 48. Kd1 f4 49. Be1 Ra3 50. Rxb5 Ra1+ 51. Ke2 Rc1 52. Rb2 Kf6 53. Ba5 Rh1 54. Bd8+ Kg6 55. Rb6+ Kf7 56. Rc6 d3+ 57. cxd3 1/2-1/2

[Event "Canadian op"]
[Site "Toronto"]
[Date "2010.07.10"]
[Round "1"]
[White "Gusev, Nikita"]
[Black "Shabalov, Alexander"]
[Result "0-1"]
[WhiteElo "2080"]
[BlackElo "2578"]
[PlyCount "114"]
[EventDate "2010.07.10"]
[EventType "swiss"]
[EventRounds "9"]
[EventCountry "CAN"]
[SourceTitle "CBM 137 Extra"]
[Source "ChessBase"]
[SourceDate "2010.09.01"]
[SourceVersion "1"]
[SourceVersionDate "2010.09.01"]
[SourceQuality "1"]

1. e4 c5 2. Nf3 d6 3. d4 cxd4 4. Nxd4 Nf6 5. Nc3 a6 6. Be3 e6 7. Be2 Be7 8. 0-0 0-0 9. f4 Qc7 10. a4 b6 11. Kh1 Bb7 12. Bf3 Nbd7 13. Nb3 Rac8 14. Qe1 Qb8 15. Rd1 Rfe8 16. Qf2 Rxc3 17. bxc3 Nxe4 18. Bxe4 Bxe4 19. Rde1 Qb7 20. Bxb6 Bh4 21. Na5 Qd5 22. c4 Bxf2 23. cxd5 Bxe1 24. Rxe1 Bxd5 25. Bc7 Rc8 26. c4 Bxg2+ 27. Kxg2 Rxc7 28. Rd1 Nc5 29. Rxd6 g6 30. Kf3 Kg7 31. Rb6 Nxa4 32. Rxa6 Nb2 33. Rb6 Nxc4 34. Nxc4 Rxc4 35. Rb5 Rc3+ 36. Kg2 Kf6 37. Ra5 h6 38. h4 Rd3 39. Rb5 Rd5 40. Rb7 g5 41. hxg5+ hxg5 42. fxg5+ Rxg5+ 43. Kf3 Ra5 44. Ke3 Ra4 45. Kf3 e5 46. Ke3 Ke6 47. Rb6+ Kf5 48. Rb3 f6 49. Kf3 Rh4 50. Rb6 Rh3+ 51. Ke2 e4 52. Kf2 Ke5 53. Ke2 f5 54. Rb8 Rh2+ 55. Kf1 Kf4 56. Rf8 e3 57. Ke1 Ke4 0-1

[Event "CAN-ch U18"]
[Site "Toronto"]
[Date "2010.05.04"]
[Round "8"]
[White "Gusev, Nikita"]
[Black "Calugar, Arthur"]
[Result "0-1"]
[WhiteElo "2079"]
[BlackElo "2147"]
[PlyCount "122"]
[EventDate "2010.04.30"]
[EventType "swiss"]
[EventRounds "9"]
[EventCountry "CAN"]
[SourceTitle "CBM 136 Extra"]
[Source "ChessBase"]
[SourceDate "2010.07.02"]
[SourceVersion "2"]
[SourceVersionDate "2010.07.15"]
[SourceQuality "1"]

1. e4 c5 2. Nf3 d6 3. d4 cxd4 4. Nxd4 Nf6 5. Nc3 Nc6 6. Bg5 e6 7. Qd2 a6 8. Be2 Be7 9. 0-0 Bd7 10. a4 Rc8 11. Nxc6 Bxc6 12. Bd3 h6 13. Be3 d5 14. e5 d4 15. exf6 Bxf6 16. Ne4 dxe3 17. Nxf6+ Qxf6 18. Qxe3 Qxb2 19. f4 Qf6 20. f5 0-0 21. fxe6 Qxe6 22. Qxe6 fxe6 23. Rxf8+ Rxf8 24. a5 Rf4 25. Be2 Kf7 26. Bf3 Bxf3 27. gxf3 Rb4 28. Kf2 Rb2 29. Ke3 Rxc2 30. Rb1 Rc7 31. Rb6 Rd7 32. Ke4 Kf6 33. f4 g6 34. h4 h5 35. Rb1 Rc7 36. Rb6 Rc4+ 37. Ke3 Ra4 38. Rxb7 Rxa5 39. Ke4 Ra4+ 40. Kf3 Ra3+ 41. Kg2 a5 42. Rb5 a4 43. Ra5 Ra1 44. Kh2 a3 45. Kg2 a2 46. Kh2 Rf1 47. Rxa2 Rxf4 48. Kg3 Rg4+ 49. Kh3 e5 50. Ra8 e4 51. Re8 Kf5 52. Rf8+ Ke5 53. Re8+ Kf4 54. Rf8+ Ke3 55. Re8 Ke2 56. Re7 e3 57. Re8 Kf2 58. Rf8+ Ke1 59. Re8 e2 60. Re7 Kf2 61. Rf7+ Ke3 0-1

[Event "CAN-ch U18"]
[Site "Toronto"]
[Date "2010.05.03"]
[Round "7"]
[White "Gusev, Nikita"]
[Black "Cheng, Bindi"]
[Result "1-0"]
[WhiteElo "2079"]
[BlackElo "2369"]
[PlyCount "47"]
[EventDate "2010.04.30"]
[EventType "swiss"]
[EventRounds "9"]
[EventCountry "CAN"]
[SourceTitle "CBM 136 Extra"]
[Source "ChessBase"]
[SourceDate "2010.07.02"]
[SourceVersion "2"]
[SourceVersionDate "2010.07.15"]
[SourceQuality "1"]

1. e4 c5 2. Nf3 e6 3. d4 cxd4 4. Nxd4 Nf6 5. Nc3 d6 6. Be2 a6 7. 0-0 Be7 8. f4 Nc6 9. Be3 0-0 10. Kh1 Qc7 11. a4 Bd7 12. Qe1 Nxd4 13. Bxd4 Bc6 14. Qg3 g6 15. Bd3 Qd7 16. Rad1 Nh5 17. Qh3 Nxf4 18. Rxf4 e5 19. Nd5 Rae8 20. Nxe7+ Rxe7 21. Qh6 exd4 22. Rh4 f5 23. Bc4+ d5 24. exd5 1-0

[Event "CAN-ch U18"]
[Site "Toronto"]
[Date "2010.05.01"]
[Round "2"]
[White "Gusev, Nikita"]
[Black "Gelis, Paul"]
[Result "1-0"]
[WhiteElo "2079"]
[BlackElo "1967"]
[PlyCount "67"]
[EventDate "2010.04.30"]
[EventType "swiss"]
[EventRounds "9"]
[EventCountry "CAN"]
[SourceTitle "CBM 136 Extra"]
[Source "ChessBase"]
[SourceDate "2010.07.02"]
[SourceVersion "2"]
[SourceVersionDate "2010.07.15"]
[SourceQuality "1"]

1. e4 c6 2. Nc3 d5 3. Nf3 e6 4. d4 dxe4 5. Nxe4 Nd7 6. Bd3 Ngf6 7. 0-0 Nxe4 8. Bxe4 Nf6 9. Bd3 b6 10. Ne5 Bb7 11. c3 Be7 12. Qf3 Qd5 13. Qg3 0-0 14. Bh6 Nh5 15. Qg4 c5 16. f3 cxd4 17. Qxh5 gxh6 18. Be4 Qc5 19. Qg4+ Kh8 20. Nd7 Qc7 21. Bxb7 Qxd7 22. Bxa8 Rxa8 23. Qxd4+ Qxd4+ 24. cxd4 Rd8 25. Rfd1 Bf6 26. Rac1 Bxd4+ 27. Kf1 Rd7 28. f4 f6 29. Rc6 e5 30. Rxf6 Rc7 31. Rf5 Bxb2 32. fxe5 Re7 33. e6 Rxe6 34. Rf7 1-0

[Event "Hart House Holiday op"]
[Site "Toronto"]
[Date "2009.12.19"]
[Round "2"]
[White "Dougherty, Michael J"]
[Black "Gusev, Nikita"]
[Result "0-1"]
[WhiteElo "2303"]
[BlackElo "2134"]
[PlyCount "94"]
[EventDate "2009.12.18"]
[EventType "swiss"]
[EventRounds "5"]
[EventCountry "CAN"]
[SourceTitle "EXT 2011"]
[Source "ChessBase"]
[SourceDate "2010.11.26"]
[SourceVersion "1"]
[SourceVersionDate "2010.11.26"]
[SourceQuality "1"]

1. e4 c5 2. Nf3 e6 3. Nc3 Nc6 4. Bb5 d6 5. Bxc6+ bxc6 6. e5 d5 7. d3 Be7 8. h4 Qb6 9. b3 Nh6 10. Bxh6 gxh6 11. Qd2 Rg8 12. Na4 Qb4 13. c3 Qg4 14. c4 Bd7 15. Ke2 f6 16. Qe3 fxe5 17. Qxe5 Rf8 18. Rac1 Rf5 19. Qg3 h5 20. cxd5 exd5 21. Nxc5 Qxg3 22. fxg3 Bc8 23. d4 Bd6 24. Nd3 Bb7 25. Nfe5 Rc8 26. Rhf1 Rxf1 27. Kxf1 Ba6 28. Kf2 Bxd3 29. Nxd3 Kd7 30. Nf4 Bxf4 31. gxf4 Re8 32. Re1 Rxe1 33. Kxe1 Ke6 34. Kf2 Kf5 35. Kf3 Kg6 36. b4 Kf5 37. a4 a6 38. g3 Kg6 39. Ke3 Kf6 40. Ke2 Kg6 41. Kd2 Kf6 42. Kc3 Kf5 43. b5 cxb5 44. axb5 axb5 45. Kb4 Ke4 46. f5 Kxf5 47. Kxb5 Ke4 0-1

[Event "CAN-ch U14"]
[Site "Victoria"]
[Date "2009.07.23"]
[Round "5"]
[White "Gusev, Nikita"]
[Black "Zhang, David"]
[Result "1/2-1/2"]
[WhiteElo "2138"]
[BlackElo "1999"]
[PlyCount "48"]
[EventDate "2009.07.21"]
[EventType "swiss"]
[EventRounds "8"]
[EventCountry "CAN"]
[SourceTitle "EXT 2011"]
[Source "ChessBase"]
[SourceDate "2010.11.26"]
[SourceVersion "1"]
[SourceVersionDate "2010.11.26"]
[SourceQuality "1"]

1. e4 c6 2. d4 d5 3. e5 Bf5 4. Nf3 e6 5. Be2 c5 6. 0-0 Nc6 7. c3 cxd4 8. Nxd4 Nxd4 9. Qxd4 Ne7 10. Nd2 Nc6 11. Qa4 a6 12. Nf3 b5 13. Qf4 Be7 14. Be3 0-0 15. Nd4 Nxd4 16. Bxd4 Rb8 17. Qe3 a5 18. Rfd1 Qc7 19. Rac1 Rfc8 20. Bd3 Bxd3 21. Rxd3 b4 22. Rdd1 Qc4 23. cxb4 Qxb4 24. Bc3 Qa4 1/2-1/2

[Event "Toronto-A2"]
[Site "Toronto"]
[Date "2009.03.10"]
[Round "7"]
[White "Gusev, Nikita"]
[Black "Henry, Liam"]
[Result "0-1"]
[WhiteElo "2051"]
[BlackElo "2242"]
[PlyCount "70"]
[EventDate "2009.01.27"]
[EventType "tourn"]
[EventRounds "9"]
[EventCountry "CAN"]
[SourceTitle "EXT 2011"]
[Source "ChessBase"]
[SourceDate "2010.11.26"]
[SourceVersion "1"]
[SourceVersionDate "2010.11.26"]
[SourceQuality "1"]

1. e4 c5 2. Nf3 d6 3. d4 cxd4 4. Nxd4 Nf6 5. Nc3 a6 6. Bg5 e6 7. Qe2 Nbd7 8. f4 Qc7 9. 0-0-0 b5 10. a3 Rb8 11. g4 b4 12. axb4 Rxb4 13. Nd5 exd5 14. exd5+ Be7 15. Re1 0-0 16. Nc6 Ra4 17. Nxe7+ Kh8 18. c3 Nc5 19. Bxf6 gxf6 20. Nc6 Re4 21. Qf2 Qb6 22. Qh4 Rxe1+ 23. Qxe1 Na4 24. b4 Bb7 25. Qe7 Kg8 26. Qxf6 Qe3+ 27. Kc2 Qf2+ 28. Kd1 Qf3+ 29. Kc2 Qe4+ 30. Bd3 Qg2+ 31. Kb3 Qb2+ 32. Kc4 Nb6+ 33. Kd4 Qf2+ 34. Ke4 Re8+ 35. Kf5 Nxd5 0-1

[Event "Toronto-A2"]
[Site "Toronto"]
[Date "2009.03.03"]
[Round "6"]
[White "Kimelman, Michael"]
[Black "Gusev, Nikita"]
[Result "1-0"]
[WhiteElo "2273"]
[BlackElo "2051"]
[PlyCount "73"]
[EventDate "2009.01.27"]
[EventType "tourn"]
[EventRounds "9"]
[EventCountry "CAN"]
[SourceTitle "EXT 2011"]
[Source "ChessBase"]
[SourceDate "2010.11.26"]
[SourceVersion "1"]
[SourceVersionDate "2010.11.26"]
[SourceQuality "1"]

1. e4 e5 2. Nf3 Nc6 3. d4 exd4 4. Nxd4 Nf6 5. Nxc6 bxc6 6. e5 Qe7 7. Qe2 Nd5 8. c4 Nb6 9. Nc3 a5 10. Qe4 Qe6 11. Bd3 d5 12. exd6 Bxd6 13. Be3 Bb4 14. 0-0-0 Bxc3 15. bxc3 Qxe4 16. Bxe4 Bd7 17. c5 Nd5 18. Bd4 Nf6 19. Rhe1 0-0-0 20. Bxf6 gxf6 21. Rd4 Kb7 22. Red1 Kc8 23. Rxd7 Rxd7 24. Bf5 Rhd8 25. Kb2 h6 26. Ka3 h5 27. Ka4 h4 28. Kxa5 Kb7 29. Bxd7 Ra8+ 30. Kb4 Rxa2 31. Rf1 Rd2 32. Be8 f5 33. Bxf7 f4 34. Bh5 Rb2+ 35. Kc4 Rd2 36. Bf3 Ra2 37. Rb1+ 1-0

[Event "Toronto-A2"]
[Site "Toronto"]
[Date "2009.01.27"]
[Round "1"]
[White "Frilles, Ruperto"]
[Black "Gusev, Nikita"]
[Result "1/2-1/2"]
[WhiteElo "2096"]
[BlackElo "2051"]
[PlyCount "94"]
[EventDate "2009.01.27"]
[EventType "tourn"]
[EventRounds "9"]
[EventCountry "CAN"]
[SourceTitle "EXT 2011"]
[Source "ChessBase"]
[SourceDate "2010.11.26"]
[SourceVersion "1"]
[SourceVersionDate "2010.11.26"]
[SourceQuality "1"]

1. e4 e5 2. Nf3 Nc6 3. Nc3 Nf6 4. Bc4 Bc5 5. 0-0 0-0 6. h3 d6 7. d3 h6 8. a3 Bb6 9. Ba2 Ne7 10. Na4 Ng6 11. Nxb6 axb6 12. Be3 Be6 13. c4 Qd7 14. Kh2 b5 15. Nd2 bxc4 16. Bxc4 Bxc4 17. dxc4 Qc6 18. f3 Rfd8 19. Rc1 Qd7 20. g3 c6 21. Nb3 Qe7 22. Qe2 Nf8 23. Rcd1 c5 24. Qd2 Ne6 25. Qd3 Nd4 26. Nxd4 exd4 27. Bc1 Nd7 28. f4 Re8 29. Rde1 f5 30. e5 Qf7 31. exd6 Re6 32. Bd2 Rae8 33. Rxe6 Rxe6 34. g4 fxg4 35. hxg4 Qe8 36. Rf2 Nf6 37. Rg2 Rxd6 38. b4 b6 39. bxc5 bxc5 40. Qf5 Qe6 41. Qxc5 Nxg4+ 42. Rxg4 Qxg4 43. Qxd6 Qe2+ 44. Kg3 Qxd2 45. Qe6+ Kh7 46. Qe4+ Kh8 47. Qe8+ Kh7 1/2-1/2